Coastal countries of Afro-Eurasia in order - Statistics

General Stats
  • This quiz has been taken 246 times
  • The average score is 64 of 83
Answers on the Map
Answers color-coded by a green-red scale on the quiz's map according to % correct below.
 
Answer Stats
Answer % Correct
Russia
100%
North Korea
91%
China
90%
South Korea
90%
Cambodia
89%
Thailand
89%
Vietnam
89%
Malaysia
87%
Bangladesh
86%
Myanmar
86%
India
85%
Iran
85%
Iraq
85%
Kuwait
85%
Oman
85%
Pakistan
85%
Qatar
85%
Saudi Arabia
85%
United Arab Emirates
85%
Yemen
85%
Egypt
84%
Israel
84%
Sudan
84%
Eritrea
83%
Jordan
83%
Kenya
83%
Somalia
83%
Tanzania
83%
Angola
82%
Democratic Republic of the Congo
82%
Djibouti
82%
Mozambique
82%
Namibia
82%
Republic of the Congo
82%
South Africa
82%
Cameroon
81%
Equatorial Guinea
81%
Gabon
81%
Nigeria
80%
Benin
79%
Ghana
79%
Ivory Coast
79%
Togo
79%
Gambia
77%
Guinea
77%
Guinea-Bissau
77%
Liberia
77%
Senegal
77%
Algeria
76%
Morocco
76%
Sierra Leone
76%
Libya
75%
Mauritania
75%
Tunisia
75%
Lebanon
74%
Syria
74%
Turkey
74%
Georgia
72%
Romania
71%
Ukraine
71%
Bulgaria
70%
Greece
70%
Albania
69%
Croatia
69%
France
69%
Montenegro
69%
Bosnia and Herzegovina
68%
Italy
68%
Slovenia
68%
Spain
68%
Portugal
67%
Monaco
66%
Belgium
65%
Denmark
65%
Germany
65%
Netherlands
65%
Poland
65%
Estonia
64%
Latvia
64%
Lithuania
64%
Finland
63%
Norway
63%
Sweden
63%
No matching quizzes found
Score Distribution
Percent of People with Each Score
Percentile by Number Answered
Your Score History
You have not taken this quiz